[Event "Czech Coal Match"]
[Site "Podebrady CZE"]
[Date "2012.12.08"]
[Round "1.4"]
[White "Kashlinskaya,A"]
[Black "Hort,V"]
[Result "1-0"]
[WhiteTitle "WGM"]
[BlackTitle "GM"]
[WhiteElo "2344"]
[BlackElo "2455"]
[WhiteTeam "Snowdrops"]
[BlackTeam "Old Hands"]
[WhiteFideId "4198026"]
[BlackFideId "4600029"]
[EventDate "2012.12.08"]
[EventType "schev"]

1. d4 d5 2. c4 c6 3. Nc3 Nf6 4. e3 g6 5. Nf3 Bg7 6. Bd3 O-O 7. O-O a6 8. Qc2 b5
9. b3 Nbd7 10. Bd2 Bb7 11. Ne2 bxc4 12. bxc4 dxc4 13. Bxc4 c5 14. Ng5 Bd5 15.
Bxd5 Nxd5 16. e4 Nb4 17. Qb3 Rb8 18. a3 Nc6 19. Qh3 h6 20. Ne6 fxe6 21. Qxe6+
Kh7 22. Qxc6 cxd4 23. Nf4 Rb6 24. Qd5 Rb5 25. Qa2 Nc5 26. a4 Rb8 27. Rab1 Rxb1
28. Qxb1 Qd7 29. a5 Be5 30. Nd5 e6 31. Nb6 Qb7 32. Bxh6 Kxh6 33. Qc1+ Rf4 34.
Qxc5 Qxe4 35. Nc4 Bg7 36. Nd6 Qe2 37. Qc1 g5 38. h4 d3 39. hxg5+ Kxg5 40. g3 d2
41. gxf4+ Kh4 42. Qd1 Qd3 43. Nf7 Bd4 44. Ng5 Qg3+ 45. Kh1 Qxf4 46. Nf3+ Kh3 47.
Rg1 1-0

[Event "Czech Coal Match"]
[Site "Podebrady CZE"]
[Date "2012.12.09"]
[Round "2.1"]
[White "Olafsson,F"]
[Black "Sachdev,T"]
[Result "0-1"]
[WhiteTitle "GM"]
[BlackTitle "IM"]
[WhiteElo "2419"]
[BlackElo "2400"]
[WhiteTeam "Old Hands"]
[BlackTeam "Snowdrops"]
[WhiteFideId "2300052"]
[BlackFideId "5007844"]
[EventDate "2012.12.08"]
[EventType "schev"]

1. Nf3 Nf6 2. c4 e6 3. g3 d5 4. Bg2 dxc4 5. Qa4+ c6 6. Qxc4 b5 7. Qc2 Bb7 8. O-O
a6 9. b3 Nbd7 10. Bb2 Rc8 11. d3 Be7 12. Nbd2 c5 13. Rad1 O-O 14. e4 Nb8 15. a3
Nc6 16. Qb1 Qb6 17. Qa1 Rfd8 18. e5 Ne8 19. Ne4 Na5 20. b4 cxb4 21. axb4 Nc6 22.
Nf6+ gxf6 23. exf6 Bxb4 24. Ng5 h6 25. Nxe6 fxe6 26. d4 Nxf6 27. d5 Nxd5 28. Qb1
Nce7 29. Qe4 Rc4 30. Qe5 Bc3 31. Bxc3 Rxc3 32. Rfe1 Rf8 33. Rd4 Rc4 34. Red1 Rf5
35. Qe4 Rxd4 36. Rxd4 Nf6 37. Qd3 Bxg2 38. Kxg2 Rxf2+ 0-1

[Event "Czech Coal Match"]
[Site "Podebrady CZE"]
[Date "2012.12.09"]
[Round "2.3"]
[White "Romanishin,O"]
[Black "Kashlinskaya,A"]
[Result "0-1"]
[WhiteTitle "GM"]
[BlackTitle "WGM"]
[WhiteElo "2530"]
[BlackElo "2344"]
[WhiteTeam "Old Hands"]
[BlackTeam "Snowdrops"]
[WhiteFideId "14100088"]
[BlackFideId "4198026"]
[EventDate "2012.12.08"]
[EventType "schev"]

1. e4 e5 2. Nf3 Nc6 3. Bb5 a6 4. Ba4 Nf6 5. O-O Be7 6. Re1 b5 7. Bb3 d6 8. c3
O-O 9. h3 Nb8 10. d4 Nbd7 11. Nbd2 Bb7 12. Bc2 Re8 13. Nf1 Bf8 14. Bg5 h6 15.
Bh4 g6 16. dxe5 dxe5 17. N3h2 Bg7 18. Qf3 c5 19. Rad1 Qb6 20. Ne3 c4 21. Nhg4 h5
22. Nxf6+ Nxf6 23. g4 hxg4 24. hxg4 Qe6 25. Re2 Rad8 26. Red2 Rxd2 27. Rxd2 Bc8
28. Qd1 Bf8 29. f3 Bc5 30. Bf2 Qb6 31. Qe2 Bb7 32. b4 cxb3 33. axb3 a5 34. c4
bxc4 35. Nxc4 Bxf2+ 36. Qxf2 Qb4 37. Rd6 Kg7 38. Rb6 Qe7 39. Nxa5 Qa3 40. Nc4
Qc1+ 41. Qf1 Qxc2 42. g5 Nd7 43. Rxb7 Rh8 44. Qg2 Qc1+ 0-1

[Event "Czech Coal Match"]
[Site "Podebrady CZE"]
[Date "2012.12.10"]
[Round "3.1"]
[White "Sachdev,T"]
[Black "Romanishin,O"]
[Result "1/2-1/2"]
[WhiteTitle "IM"]
[BlackTitle "GM"]
[WhiteElo "2400"]
[BlackElo "2530"]
[WhiteTeam "Snowdrops"]
[BlackTeam "Old Hands"]
[WhiteFideId "5007844"]
[BlackFideId "14100088"]
[EventDate "2012.12.08"]

1. d4 Nf6 2. c4 e6 3. Nf3 b6 4. g3 Bb4+ 5. Bd2 Be7 6. Bg2 Bb7 7. Nc3 O-O 8. Qc2
Nc6 9. O-O d5 10. cxd5 Nb4 11. Qb3 Nbxd5 12. Ne5 Nxc3 13. bxc3 Bxg2 14. Kxg2 c5
15. Nc6 Qd7 16. Nxe7+ Qxe7 17. Bg5 Rac8 18. e4 h6 19. Bxf6 Qxf6 20. Rad1 cxd4
21. cxd4 Rfd8 22. d5 Rc3 23. Qa4 exd5 24. Rxd5 Rxd5 25. exd5 Qf3+ 26. Kg1 Qxd5
27. Qxa7 Qc6 1/2-1/2

[Event "Czech Coal Match"]
[Site "Podebrady CZE"]
[Date "2012.12.10"]
[Round "3.2"]
[White "Kashlinskaya,A"]
[Black "Olafsson,F"]
[Result "1/2-1/2"]
[WhiteTitle "WGM"]
[BlackTitle "GM"]
[WhiteElo "2344"]
[BlackElo "2419"]
[WhiteTeam "Snowdrops"]
[BlackTeam "Old Hands"]
[WhiteFideId "4198026"]
[BlackFideId "2300052"]
[EventDate "2012.12.08"]

1. d4 g6 2. c4 Bg7 3. Nc3 d6 4. e4 c6 5. Nf3 a6 6. Be2 b5 7. a3 Bg4 8. O-O Nf6
9. Be3 bxc4 10. Bxc4 d5 11. Bd3 dxe4 12. Nxe4 Nd5 13. h3 Bxf3 14. Qxf3 Nd7 15.
Rac1 Qb6 16. b4 O-O 17. Nc5 Rfd8 18. Bc4 Nxc5 19. dxc5 Qb7 20. Rfd1 e6 21. Bg5
Rd7 22. h4 h6 23. Bxd5 Rxd5 24. Rxd5 exd5 25. Bf6 Re8 26. h5 Re4 27. Rd1 Qc7 28.
Bxg7 Kxg7 29. hxg6 fxg6 30. Qd3 a5 31. Qc3+ Qe5 32. Qxe5+ Rxe5 33. bxa5 Re4 34.
Rb1 Ra4 35. Rb6 Rxa5 36. Rxc6 Rxa3 37. Rd6 Ra1+ 38. Kh2 Rd1 39. Kg3 d4 40. Kf3
Rd2 41. g3 h5 42. Ke4 g5 43. Kf5 Rxf2+ 44. Kxg5 Rf3 45. Rd7+ Kf8 46. c6 Ke8 47.
Rxd4 1/2-1/2

[Event "Czech Coal Match"]
[Site "Podebrady CZE"]
[Date "2012.12.10"]
[Round "3.3"]
[White "Gunina,V"]
[Black "Hort,V"]
[Result "1/2-1/2"]
[WhiteTitle "IM"]
[BlackTitle "GM"]
[WhiteElo "2517"]
[BlackElo "2455"]
[WhiteTeam "Snowdrops"]
[BlackTeam "Old Hands"]
[WhiteFideId "4167570"]
[BlackFideId "4600029"]
[EventDate "2012.12.08"]

1. d4 d6 2. Nf3 g6 3. g3 Bg7 4. Bg2 Nf6 5. c4 c6 6. O-O O-O 7. b3 Ne4 8. Bb2 a5
9. Qc2 d5 10. Nfd2 Nf6 11. Nc3 Bf5 12. e4 dxe4 13. Ncxe4 Nxe4 14. Bxe4 Bxe4 15.
Nxe4 Na6 16. Rad1 Qc8 17. Rfe1 Qf5 18. Bc3 Rfe8 19. Qb2 Nc7 20. a4 b6 21. Qd2
Red8 22. Qb2 Ne6 23. Kg2 Rd7 24. c5 Qd5 25. f3 b5 26. axb5 cxb5 27. b4 axb4 28.
Qxb4 Ra2+ 29. Rd2 Bxd4 30. Qxb5 Bxc3 31. Rxa2 Bxe1 32. Ra1 f5 33. Nd6 Rxd6 34.
Qe8+ Nf8 35. cxd6 Qxd6 36. Rxe1 Qd2+ 37. Kf1 Qxh2 38. Rxe7 1/2-1/2

[Event "Czech Coal Match"]
[Site "Podebrady CZE"]
[Date "2012.12.10"]
[Round "3.4"]
[White "Havlikova,K"]
[Black "Uhlmann,W"]
[Result "1-0"]
[WhiteTitle "WIM"]
[BlackTitle "GM"]
[WhiteElo "2310"]
[BlackElo "2319"]
[WhiteTeam "Snowdrops"]
[BlackTeam "Old Hands"]
[WhiteFideId "309672"]
[BlackFideId "4611284"]
[EventDate "2012.12.08"]

1. e4 e6 2. d4 d5 3. Nd2 c5 4. exd5 exd5 5. Ngf3 Nc6 6. Bb5 Bd6 7. dxc5 Bxc5 8.
O-O Ne7 9. c4 O-O 10. Nb3 Bd6 11. c5 Bb8 12. Bg5 f6 13. Bh4 Bg4 14. Re1 Be5 15.
Rb1 Nf5 16. Bg3 Re8 17. Qd3 Nxg3 18. hxg3 Bh5 19. Qd2 a6 20. Ba4 Re7 21. Nbd4
Bxf3 22. Nxc6 bxc6 23. gxf3 Rc8 24. f4 Bb8 25. Rxe7 Qxe7 26. Bxc6 Rxc6 27. Qxd5+
Qe6 28. Qd8+ Kf7 29. Qxb8 Kg6 30. b4 Rc8 31. Qd6 Qe4 32. Rb3 Qe1+ 33. Kg2 Re8
34. Qd3+ Kf7 35. Rb1 Qe7 36. Qd5+ 1-0

[Event "11th Annual Turkey Bowl"]
[Site "Sunrise USA"]
[Date "2012.11.17"]
[Round "1"]
[White "Rodriguez,Er"]
[Black "Aguilar,Luciano"]
[Result "0-1"]
[WhiteTitle "FM"]
[WhiteElo "2289"]
[BlackElo "2036"]
[WhiteFideId "2023628"]
[BlackFideId "3815064"]

1. d4 Nf6 2. c4 g6 3. Nc3 Bg7 4. e4 d6 5. f3 O-O 6. Nge2 e5 7. Bg5 c6 8. d5 Qc7
9. Qd2 a6 10. Rc1 Nbd7 11. g4 cxd5 12. cxd5 Qa5 13. Ng3 b5 14. b3 Bb7 15. Be2
Rfc8 16. O-O Rc7 17. Nb1 Qxd2 18. Bxd2 Rac8 19. Rxc7 Rxc7 20. Rc1 Rxc1+ 21. Bxc1
Kf8 22. Nc3 Ke7 23. Be3 Ng8 24. h4 f6 25. h5 Bh6 26. Kf2 Bxe3+ 27. Kxe3 Nh6 28.
Nd1 Nc5 29. Kd2 Bc8 30. Kc3 f5 31. g5 f4 32. hxg6 fxg3 33. gxh6 g2 34. gxh7 g1=Q
35. h8=Q Qe1+ 36. Kb2 Qxe2+ 37. Ka3 b4+ 38. Kxb4 Qb5+ 0-1

[Event "11th Annual Turkey Bowl"]
[Site "Sunrise USA"]
[Date "2012.11.18"]
[Round "4"]
[White "Rodriguez,Er"]
[Black "Cooke,E"]
[Result "1-0"]
[WhiteTitle "FM"]
[WhiteElo "2289"]
[BlackElo "2111"]
[WhiteFideId "2023628"]
[BlackFideId "2006316"]

1. d4 Nf6 2. c4 g6 3. Nc3 Bg7 4. e4 d6 5. f3 O-O 6. Nge2 Nc6 7. Be3 a6 8. Qd2
Rb8 9. Rc1 Re8 10. g3 e5 11. d5 Ne7 12. c5 Rf8 13. b4 Ne8 14. Bg2 f5 15. O-O Kh8
16. a4 Ng8 17. Kh1 Rf7 18. f4 Nef6 19. exf5 gxf5 20. Rb1 Qf8 21. cxd6 cxd6 22.
b5 axb5 23. Nxb5 Ne4 24. Qb4 Ngf6 25. Rbd1 h5 26. Nec3 Ng4 27. Bg1 Nxc3 28. Nxc3
h4 29. gxh4 exf4 30. Rxf4 Be5 31. Rf3 Bd7 32. Rdf1 Rf6 33. Ne2 Qf7 34. Nf4 Rg8
35. h5 Rg5 36. a5 Kh7 37. Qxb7 Bxf4 38. Rxf4 Ne5 39. a6 Qg7 40. a7 Rxg2 41. a8=Q
Nd3 42. Be3 Rh6 43. Rh4 f4 44. Bd4 Rf6 45. h6 Qe7 46. Qxd7 Qxd7 47. Bxf6 1-0

[Event "11th Annual Turkey Bowl"]
[Site "Sunrise USA"]
[Date "2012.11.17"]
[Round "2"]
[White "Aguilar,Luciano"]
[Black "Goss,M"]
[Result "1-0"]
[WhiteElo "2036"]
[BlackElo "2055"]
[WhiteFideId "3815064"]
[BlackFideId "2035090"]
[EventDate "2012.11.17"]

1. e4 c5 2. Nf3 e6 3. d4 cxd4 4. Nxd4 Nc6 5. Nb5 d6 6. c4 a6 7. N5c3 Nf6 8. Be2
Be7 9. O-O O-O 10. Be3 Qc7 11. f4 Rb8 12. Nd2 Rd8 13. Qb3 b6 14. Rac1 Nd7 15.
Qd1 Nc5 16. a3 a5 17. Rf3 Bf6 18. Ndb1 Bb7 19. Rh3 Ne7 20. Bf3 Nc6 21. Kh1 g6
22. Nb5 Qe7 23. N1c3 Bg7 24. Bf2 f6 25. Rb1 Rd7 26. Bg4 f5 27. exf5 exf5 28. Re3
Qf8 29. Bf3 Re8 30. b4 Rxe3 31. Bxe3 axb4 32. axb4 Na6 33. Nd5 Rd8 34. Bxb6 Rc8
35. Nbc7 Nxc7 36. Nxc7 Kh8 37. Ne6 Qe7 38. Nxg7 Kxg7 39. b5 Nd8 40. Bd4+ Kg8 41.
Bxb7 Qxb7 42. Qb3 Qe4 43. Ba1 Ne6 44. Qb2 Nxf4 45. Qg7# 1-0

[Event "FSGM December 2012"]
[Site "Budapest HUN"]
[Date "2012.12.01"]
[Round "1.2"]
[White "Radlovacki,J"]
[Black "Antipov,M2"]
[Result "1-0"]
[WhiteTitle "IM"]
[BlackTitle "IM"]
[WhiteElo "2419"]
[BlackElo "2456"]
[WhiteFideId "907430"]
[BlackFideId "4107012"]
[EventDate "2012.12.01"]

1. e4 c5 2. Nf3 d6 3. d4 cxd4 4. Qxd4 a6 5. c4 Nc6 6. Qe3 g6 7. Bd2 Bg7 8. Bc3
Nf6 9. h3 O-O 10. Be2 Be6 11. O-O Nd7 12. Bxg7 Kxg7 13. Nc3 Qb6 14. Qxb6 Nxb6
15. b3 Nd7 16. Rac1 f6 17. Rfd1 Rac8 18. Ne1 Rfd8 19. Bf1 Bf7 20. g3 Kf8 21. h4
Nc5 22. Rd2 e6 23. Rcd1 Ke7 24. Nc2 b6 25. Be2 a5 26. f3 Be8 27. Rb1 Nb4 28. Ne3
Nba6 29. a3 Nc7 30. b4 axb4 31. axb4 Nd7 32. Rbd1 Nb8 33. b5 Bf7 34. f4 Ne8 35.
Ra1 Nd7 36. Nc2 Ra8 37. Rdd1 Nc5 38. Nb4 Kd7 39. e5 Nb3 40. Rab1 Na5 41. Bf3
Rab8 42. Nc6 Nxc6 43. bxc6+ Ke7 44. Nb5 dxe5 45. fxe5 fxe5 46. c7 Rxd1+ 47. Rxd1
Nxc7 48. Nxc7 Rc8 49. Na8 e4 50. Bxe4 Rxc4 51. Bd3 Rb4 52. Nc7 Rb2 53. Re1 Kd7
54. Nb5 Rd2 55. Bf1 Ke7 56. Nc3 Be8 57. Ne4 Rc2 58. Ng5 Bd7 59. Nxh7 b5 60. Rb1
Rc3 61. Kf2 Rc2+ 62. Ke3 Rc3+ 63. Bd3 e5 64. Ng5 Ra3 65. Ne4 Kf7 66. Rc1 Kf8 67.
Rc7 Be6 68. Rb7 Bc4 69. Nc5 Kg8 70. Ke4 Rc3 71. Re7 b4 72. Rxe5 b3 73. Kd4 1-0

[Event "FSGM December 2012"]
[Site "Budapest HUN"]
[Date "2012.12.01"]
[Round "1.3"]
[White "Tesik,C"]
[Black "Bagi,M"]
[Result "1/2-1/2"]
[WhiteTitle "FM"]
[BlackTitle "FM"]
[WhiteElo "2369"]
[BlackElo "2364"]
[WhiteFideId "735582"]
[BlackFideId "742570"]
[EventDate "2012.12.01"]

1. e4 e5 2. Nf3 Nc6 3. Bb5 a6 4. Ba4 Nf6 5. O-O Be7 6. Re1 b5 7. Bb3 d6 8. c3
O-O 9. h3 Nb8 10. d4 Nbd7 11. Nbd2 Bb7 12. Bc2 c5 13. Nf1 Qc7 14. Ng3 g6 15. a4
Rfc8 16. Bb3 c4 17. Bc2 Bf8 18. Nh2 Bg7 19. Be3 Re8 20. f4 exd4 21. Bxd4 Nc5 22.
Ng4 Nxg4 23. Bxg7 Kxg7 24. Qxg4 Kh8 25. Qd1 Ne6 26. f5 Qc5+ 27. Kh2 Nf8 28. Qd2
Qe5 29. Red1 Red8 30. axb5 axb5 31. Rxa8 Bxa8 32. Ra1 Nd7 33. Ra5 Bc6 34. Ra6
Rc8 35. Ra7 Kg7 36. Qf2 Qc5 37. Qd4+ Qe5 38. fxg6 hxg6 39. Kg1 Nc5 40. Qf2 Qf6
41. Qe2 Qf4 42. Qf2 Qxf2+ 43. Kxf2 Re8 44. Rc7 Ba8 45. Ke3 Kg8 46. Kf3 f5 47.
Ra7 fxe4+ 48. Kf4 Bb7 49. Ke3 Re7 50. Bd1 Nd3 51. b3 Kf7 52. bxc4 bxc4 53. Ne2
Nc5 54. Nf4 g5 55. Ne2 Bd5 56. Ra2 Be6 57. Nd4 Rb7 58. Bh5+ Ke7 59. Bg6 Bd5 60.
Rf2 Rb1 61. Rf5 Bb7 62. Rf7+ Kd8 63. Bh5 Re1+ 64. Be2 Rg1 65. Nf5 Rxg2 66. Nxd6
Bc6 67. Bxc4 Rg3+ 68. Kd4 Nd7 69. Rg7 Rxh3 70. Rxg5 Rh4 1/2-1/2

[Event "FSGM December 2012"]
[Site "Budapest HUN"]
[Date "2012.12.01"]
[Round "1.4"]
[White "Lalic,B"]
[Black "Arngrimsson,D"]
[Result "1/2-1/2"]
[WhiteTitle "GM"]
[BlackTitle "IM"]
[WhiteElo "2484"]
[BlackElo "2384"]
[WhiteFideId "409081"]
[BlackFideId "2301288"]
[EventDate "2012.12.01"]

1. d4 d5 2. c4 c6 3. Nc3 Nf6 4. e3 e6 5. Bd3 Nbd7 6. Nf3 Be7 7. e4 dxe4 8. Nxe4
Nxe4 9. Bxe4 Nf6 10. Bc2 O-O 11. O-O b6 12. Qd3 Bb7 13. Bg5 g6 14. Ne5 Nd7 15.
Bf4 Nxe5 16. Bxe5 Bf6 17. Qe3 Qe7 18. Rad1 Rfd8 19. a3 1/2-1/2

[Event "FSGM December 2012"]
[Site "Budapest HUN"]
[Date "2012.12.03"]
[Round "2.1"]
[White "Dastan,B"]
[Black "Czebe,A"]
[Result "0-1"]
[WhiteTitle "FM"]
[BlackTitle "GM"]
[WhiteElo "2370"]
[BlackElo "2481"]
[WhiteFideId "6300014"]
[BlackFideId "705268"]
[EventDate "2012.12.01"]

1. e4 c5 2. Nf3 Nc6 3. d4 cxd4 4. Nxd4 Qb6 5. Nb3 Nf6 6. Nc3 e6 7. Be3 Qc7 8. a3
a6 9. f4 d6 10. g4 b5 11. g5 Nd7 12. h4 Bb7 13. Qe2 Na5 14. Nxa5 Qxa5 15. Bd2
Rc8 16. Rd1 Qc7 17. f5 exf5 18. exf5+ Ne5 19. Bg2 Be7 20. O-O O-O 21. Bf4 Rfe8
22. Bxb7 Qxb7 23. Nd5 Bf8 24. Qg2 Kh8 25. c3 Nd7 26. f6 Re6 27. Kh1 Rce8 28. Rd2
Re4 29. h5 Nc5 30. b4 Na4 31. fxg7+ Bxg7 32. h6 Bxc3 33. Nxc3 Nxc3 34. Qf3 Kg8
35. Rg2 Nd5 36. Bh2 Re3 37. Qf5 R8e6 38. Bg1 R3e4 39. Qf3 Rf4 0-1

[Event "FSGM December 2012"]
[Site "Budapest HUN"]
[Date "2012.12.03"]
[Round "2.2"]
[White "Arngrimsson,D"]
[Black "Varga,Zo"]
[Result "1/2-1/2"]
[WhiteTitle "IM"]
[BlackTitle "GM"]
[WhiteElo "2384"]
[BlackElo "2455"]
[WhiteFideId "2301288"]
[BlackFideId "700509"]
[EventDate "2012.12.01"]

1. d4 d5 2. c4 c6 3. Nf3 Nf6 4. Nc3 e6 5. Bg5 h6 6. Bxf6 Qxf6 7. e3 Nd7 8. Bd3
g6 9. O-O Bg7 10. Re1 O-O 11. e4 dxe4 12. Nxe4 Qe7 13. c5 b6 14. b4 a5 15. a3
Ba6 16. Rb1 Bxd3 17. Qxd3 axb4 18. axb4 Qd8 19. Nd6 Qc7 20. h4 Rab8 21. Rbd1
bxc5 22. bxc5 Rb4 23. Rb1 1/2-1/2

[Event "FSGM December 2012"]
[Site "Budapest HUN"]
[Date "2012.12.03"]
[Round "2.3"]
[White "Bagi,M"]
[Black "Lalic,B"]
[Result "1/2-1/2"]
[WhiteTitle "FM"]
[BlackTitle "GM"]
[WhiteElo "2364"]
[BlackElo "2484"]
[WhiteFideId "742570"]
[BlackFideId "409081"]
[EventDate "2012.12.01"]

1. e4 e6 2. d4 d5 3. Nc3 Bb4 4. exd5 exd5 5. Bd3 c6 6. Qf3 Qf6 7. Bf4 Bd6 8.
Bxd6 Qxd6 9. O-O-O Ne7 10. Re1 O-O 11. Nge2 Nd7 12. Qf4 Qxf4+ 13. Nxf4 Ng6 14.
Nxg6 hxg6 15. Re7 Nf6 16. Rhe1 Bd7 17. f3 1/2-1/2

[Event "FSGM December 2012"]
[Site "Budapest HUN"]
[Date "2012.12.03"]
[Round "2.4"]
[White "Antipov,M2"]
[Black "Tesik,C"]
[Result "1-0"]
[WhiteTitle "IM"]
[BlackTitle "FM"]
[WhiteElo "2456"]
[BlackElo "2369"]
[WhiteFideId "4107012"]
[BlackFideId "735582"]
[EventDate "2012.12.01"]

1. e4 e5 2. Nf3 Nc6 3. Bb5 a6 4. Ba4 Nf6 5. O-O Be7 6. Re1 b5 7. Bb3 d6 8. c3
O-O 9. h3 h6 10. d4 Re8 11. Nbd2 Bf8 12. d5 Ne7 13. Nh2 Ng6 14. Ndf1 Bd7 15. Ng4
Nxg4 16. hxg4 Be7 17. g3 Nf8 18. Kg2 Nh7 19. Ne3 g6 20. Rh1 Bg5 21. f3 Kg7 22.
Qd3 Nf6 23. Bd2 c5 24. Bc2 Ng8 25. Raf1 Qe7 26. f4 Bf6 27. Rh2 Kf8 28. g5 hxg5
29. fxg5 Bxg5 30. Rh7 Bf6 31. Bd1 Bg7 32. Ng4 c4 33. Qf3 Bxg4 34. Qxg4 Nf6 35.
Qh4 Nxh7 36. Qxh7 f6 37. Qxg6 Qf7 38. Qf5 Qe7 39. Bg5 1-0

[Event "FSGM December 2012"]
[Site "Budapest HUN"]
[Date "2012.12.03"]
[Round "2.5"]
[White "Franco Alonso,A"]
[Black "Radlovacki,J"]
[Result "1-0"]
[WhiteTitle "IM"]
[BlackTitle "IM"]
[WhiteElo "2480"]
[BlackElo "2419"]
[WhiteFideId "2214067"]
[BlackFideId "907430"]
[EventDate "2012.12.01"]

1. c4 Nf6 2. g3 e6 3. Bg2 c6 4. Nf3 b6 5. O-O Ba6 6. b3 d5 7. d3 Be7 8. Bb2 O-O
9. Nbd2 Bb7 10. e4 dxe4 11. dxe4 c5 12. e5 Nfd7 13. Re1 Qc7 14. Ne4 Rd8 15. Qc2
Nc6 16. Qc3 Nd4 17. Nxd4 cxd4 18. Qxd4 Nc5 19. Nd6 Bxg2 20. Kxg2 f6 21. Qg4 f5
22. Qf3 Bxd6 23. exd6 Qxd6 24. Ba3 g6 25. Rad1 Qe7 26. Rd5 Rac8 27. Rde5 Kf7 28.
Kg1 Qd6 29. Qe3 Rc6 30. Qh6 Kg8 31. Qe3 Kf7 32. Qh6 Kg8 33. h4 Qd2 34. Qxd2 Rxd2
35. Bxc5 bxc5 36. Rxe6 Rxe6 37. Rxe6 Rxa2 38. Rc6 Ra3 39. Rxc5 Rxb3 40. Rc8+ Kg7
41. Rc7+ Kf6 42. Rxa7 Rc3 43. Rc7 f4 44. g4 h5 45. gxh5 gxh5 46. Rc5 Kg6 47. Kg2
Kf6 48. Rxh5 Rxc4 49. Kf3 Ra4 50. Kg4 f3+ 51. Kxf3 Ra1 52. Kg4 Ra4+ 53. f4 Ra1
54. Rh6+ Kg7 55. Rb6 Rg1+ 56. Kf5 Rh1 57. Rb7+ Kh6 58. Ke6 Rxh4 59. f5 Ra4 60.
f6 Ra8 61. Kf7 Kh7 62. Rd7 Kh6 63. Rd6 Kh7 64. Re6 Rb8 65. Re8 Rb7+ 66. Re7 Rb8
67. Re8 Rb7+ 68. Ke6 Kg6 69. Rg8+ Kh7 1-0

[Event "FSGM December 2012"]
[Site "Budapest HUN"]
[Date "2012.12.04"]
[Round "3.1"]
[White "Radlovacki,J"]
[Black "Dastan,B"]
[Result "1/2-1/2"]
[WhiteTitle "IM"]
[BlackTitle "FM"]
[WhiteElo "2419"]
[BlackElo "2370"]
[WhiteFideId "907430"]
[BlackFideId "6300014"]
[EventDate "2012.12.01"]

1. e4 c5 2. Nf3 d6 3. d4 Nf6 4. dxc5 Nxe4 5. cxd6 Nc6 6. Nbd2 Nxd6 7. Nc4 e5 8.
c3 f6 9. Nxd6+ Bxd6 10. Bc4 Qe7 11. Be3 Be6 12. Qb3 Bxc4 13. Qxc4 Qf7 14. Qxf7+
Kxf7 15. O-O-O Rad8 16. h4 h5 17. Nd2 Be7 18. f4 exf4 19. Bxf4 Ne5 20. Bxe5 fxe5
21. Rde1 Ke6 22. Nf3 Bf6 23. Re4 Kf5 24. Rhe1 Rhe8 25. Kc2 Re7 26. a4 Rd5 27.
Nd2 Rd8 28. Rf1+ Ke6 29. Nc4 Red7 30. Rf2 Rd5 31. Ne3 R5d7 32. Re2 Rc8 33. Rf2
Rd4 1/2-1/2

[Event "FSGM December 2012"]
[Site "Budapest HUN"]
[Date "2012.12.04"]
[Round "3.2"]
[White "Tesik,C"]
[Black "Franco Alonso,A"]
[Result "1/2-1/2"]
[WhiteTitle "FM"]
[BlackTitle "IM"]
[WhiteElo "2369"]
[BlackElo "2480"]
[WhiteFideId "735582"]
[BlackFideId "2214067"]
[EventDate "2012.12.01"]

1. e4 c5 2. Nf3 e6 3. d4 cxd4 4. Nxd4 Nf6 5. Nc3 d6 6. f4 a6 7. Qf3 Qb6 8. a3
Nc6 9. Nb3 Qc7 10. g4 b5 11. g5 Nd7 12. Be3 Bb7 13. Bd3 g6 14. O-O Bg7 15. f5
gxf5 16. exf5 Nd4 17. Qh3 Nxf5 18. Bxf5 exf5 19. Nd4 Bxd4 20. Bxd4 Ne5 21. Rae1
O-O 22. Qxf5 Rae8 23. Ne4 Bxe4 24. Rxe4 Re6 25. Ref4 Qe7 26. h4 h6 27. gxh6 Rxh6
28. R1f2 f6 29. Bxe5 dxe5 30. Rg4+ Kh8 31. Rfg2 Qa7+ 32. Kf1 Qh7 33. Qf2 f5 34.
Rg7 Qxg7 35. Rxg7 Kxg7 36. Qg3+ Kh7 37. Qxe5 Rhf6 38. Kf2 R8f7 39. Kf3 f4 40.
Qh5+ Kg7 41. Qe5 Kh7 42. a4 bxa4 43. Qe4+ Kh6 44. Qxa4 Kh5 45. Qd4 Kxh4 46. c4
Rg6 47. Qh8+ Kg5 48. c5 Rff6 49. b4 Kf5 50. Qd8 Rg3+ 51. Kf2 Rgg6 52. Qd5+ Kg4
53. Qg2+ Kh4 54. Qh2+ Kg5 55. Kf3 1/2-1/2

[Event "FSGM December 2012"]
[Site "Budapest HUN"]
[Date "2012.12.04"]
[Round "3.4"]
[White "Varga,Zo"]
[Black "Bagi,M"]
[Result "1/2-1/2"]
[WhiteTitle "GM"]
[BlackTitle "FM"]
[WhiteElo "2455"]
[BlackElo "2364"]
[WhiteFideId "700509"]
[BlackFideId "742570"]
[EventDate "2012.12.01"]

1. c4 Nf6 2. Nc3 d5 3. cxd5 Nxd5 4. Nf3 g6 5. Qc2 Nc6 6. e4 Ndb4 7. Qb1 Bg7 8.
a3 Na6 9. b4 Nab8 10. h3 O-O 11. Bb2 Nd4 12. Nxd4 Qxd4 13. Be2 Nc6 14. b5 Na5
15. Nd1 Qd6 16. Bxg7 Kxg7 17. Qb2+ e5 18. Qc3 Qd4 19. Qxd4 exd4 20. Rc1 Be6 21.
Nb2 Rac8 22. Bg4 f5 23. exf5 Bxf5 24. f3 c5 25. bxc6 Rxc6 26. Rxc6 bxc6 27. Bxf5
Rxf5 28. Kd1 Rb5 29. Kc2 Rc5+ 1/2-1/2

[Event "FSGM December 2012"]
[Site "Budapest HUN"]
[Date "2012.12.05"]
[Round "4.1"]
[White "Dastan,B"]
[Black "Arngrimsson,D"]
[Result "1/2-1/2"]
[WhiteTitle "FM"]
[BlackTitle "IM"]
[WhiteElo "2370"]
[BlackElo "2384"]
[WhiteFideId "6300014"]
[BlackFideId "2301288"]
[EventDate "2012.12.01"]

1. e4 c5 2. Nf3 d6 3. d4 cxd4 4. Nxd4 Nf6 5. Nc3 g6 6. Be3 Bg7 7. f3 O-O 8. Qd2
Nc6 9. O-O-O d5 10. Kb1 Rb8 11. Ndb5 a6 12. Na7 e6 13. g4 Re8 14. g5 Nh5 15.
exd5 exd5 16. Nxd5 Be6 17. c4 Bxd5 18. cxd5 Ne5 19. Be2 Qe7 20. Rhe1 Nd7 21. Bc4
Qd6 22. Qf2 Ra8 23. Bb3 Be5 24. Re2 Bxh2 25. Rc2 Bf4 26. Bxf4 Nxf4 27. Rc4 Nb6
28. Rxf4 Qxf4 29. Qxb6 Qb8 30. Qf6 Qd8 31. Qd4 Qd6 32. Rh1 Qg3 33. d6 Re1+ 34.
Rxe1 Qxe1+ 35. Kc2 Qe2+ 36. Kb1 Qe1+ 37. Kc2 Qe2+ 1/2-1/2

[Event "FSGM December 2012"]
[Site "Budapest HUN"]
[Date "2012.12.05"]
[Round "4.2"]
[White "Bagi,M"]
[Black "Czebe,A"]
[Result "1/2-1/2"]
[WhiteTitle "FM"]
[BlackTitle "GM"]
[WhiteElo "2364"]
[BlackElo "2481"]
[WhiteFideId "742570"]
[BlackFideId "705268"]
[EventDate "2012.12.01"]

1. e4 e5 2. Nf3 Nc6 3. Bb5 a6 4. Ba4 Nge7 5. c3 d6 6. d4 Bd7 7. O-O Ng6 8. d5
Nb8 9. Bxd7+ Nxd7 10. c4 Be7 11. Nc3 O-O 12. Be3 c5 13. a3 Qa5 14. Nd2 b5 15.
Qc2 Rfc8 16. cxb5 axb5 17. a4 bxa4 18. Rxa4 Qd8 19. Rfa1 Nb6 20. Rxa8 Rxa8 21.
Rxa8 Qxa8 22. g3 Qa6 23. Qb3 Nf8 24. Nb5 Nfd7 25. Na3 g6 1/2-1/2